| 000 | 00949nam a2200277 a 4500 | ||
|---|---|---|---|
| 001 | BRL_1115 | ||
| 005 | 20190320211036.0 | ||
| 008 | 121113s1986----mx-a######---#000-0#spa-# | ||
| 020 | _a968380151X | ||
| 041 | _aspa | ||
| 044 | _amx | ||
| 050 | 4 |
_aF1230.M6 _b.R66 1986 |
|
| 100 | 1 |
_aRomero Giordano, Carlos _94882 |
|
| 245 | 1 | 0 |
_aMoctezuma II _bel misterio de su muerte _cCarlos Romero Giordano ; Fotografía Jordi Villier. |
| 260 |
_aMéxico _bPanorama editorial _c1986 |
||
| 300 |
_a134 p. _bil. _c22 cm. |
||
| 500 | _aAu1302 | ||
| 500 | _aIncluye dedicatoria a Ruth Lechuga | ||
| 504 | _aBibliografía: p. 129-134 | ||
| 600 | 1 | 4 |
_aMoctezuma _bII _cEmperador de México _dca. 1480-1520 _xMuerte y entierro _925829 |
| 650 | 1 | 4 |
_aAztecas _vBiografía _xReyes y soberanos _925830 |
| 650 | 1 | 4 |
_aIndígenas de México _vBiografía _xReyes y soberanos _925831 |
| 651 | 4 |
_aMéxico _xHistoria _yConquista, 1519-1540 _9442 |
|
| 902 | _aGRL | ||
| 942 |
_2lcc _cB |
||
| 999 |
_c9927 _d9927 |
||